<?xml version="1.0" encoding="UTF-8"?><?xml-stylesheet type="text/xsl" href="static/style.xsl"?><OAI-PMH xmlns="http://www.openarchives.org/OAI/2.0/" xmlns:xsi="http://www.w3.org/2001/XMLSchema-instance" xsi:schemaLocation="http://www.openarchives.org/OAI/2.0/ http://www.openarchives.org/OAI/2.0/OAI-PMH.xsd"><responseDate>2026-04-17T07:39:31Z</responseDate><request verb="GetRecord" identifier="oai:www.recercat.cat:10256/15177" metadataPrefix="marc">https://recercat.cat/oai/request</request><GetRecord><record><header><identifier>oai:recercat.cat:10256/15177</identifier><datestamp>2024-06-14T09:49:04Z</datestamp><setSpec>com_2072_452955</setSpec><setSpec>com_2072_2054</setSpec><setSpec>col_2072_453065</setSpec></header><metadata><record xmlns="http://www.loc.gov/MARC21/slim" xmlns:dcterms="http://purl.org/dc/terms/" xmlns:xsi="http://www.w3.org/2001/XMLSchema-instance" xmlns:doc="http://www.lyncode.com/xoai" xsi:schemaLocation="http://www.loc.gov/MARC21/slim http://www.loc.gov/standards/marcxml/schema/MARC21slim.xsd">
   <leader>00925njm 22002777a 4500</leader>
   <datafield ind2=" " ind1=" " tag="042">
      <subfield code="a">dc</subfield>
   </datafield>
   <datafield ind2=" " ind1=" " tag="720">
      <subfield code="a">Defez, Antoni</subfield>
      <subfield code="e">author</subfield>
   </datafield>
   <datafield ind2=" " ind1=" " tag="260">
      <subfield code="c">1997</subfield>
   </datafield>
   <datafield ind2=" " ind1=" " tag="520">
      <subfield code="a">In the following pages my intention is to analyse the theory of language present in Plato's&#xd;
C r a t y l u s. On the one hand, the conception of meaning of words that Plato seems to defend&#xd;
in this dialogue is analysed; on the other hand, it is concerned with the problem of the&#xd;
origins of language. These questions are put in relation to ontological and epistemological&#xd;
views of Plato: i.e., essentialism, the theory of reminiscence and the sophistic thesis of&#xd;
the impossibility of speaking with falsehood. The conclusion is that in C r a t y l u s we can&#xd;
find sketched the theory of language needded by Plato for his further Theory of Forms</subfield>
   </datafield>
   <datafield ind2=" " ind1=" " tag="520">
      <subfield code="a">La meva intenció en les pàgines següents és analitzar la teoria del llenguatge que es troba en&#xd;
el C r à t i l de Plató. D'una banda, s'analitza la concepció del significat de les paraules que&#xd;
Plató sembla defensar en aquest diàleg; de l'altra, s'ocupa del problema dels orígens del&#xd;
llenguatge. Aquestes qüestions s'estudien en relació amb la perspectiva ontològica i epistemològica&#xd;
de Plató: essencialisme, teoria de la reminiscència i les tesis dels sofistes sobre la&#xd;
impossibilitat de parlar amb falsedat. La conclusió és que en el C r à t i l podem trobar ja la preparació&#xd;
de la teoria del llenguatge que Plató necessitarà per a la seva ulterior teoria de les idees</subfield>
   </datafield>
   <datafield ind1="8" ind2=" " tag="024">
      <subfield code="a">http://hdl.handle.net/10256/15177</subfield>
   </datafield>
   <datafield tag="653" ind2=" " ind1=" ">
      <subfield code="a">Plató, 428 o 427 aC-348 o 347 aC. Cràtil</subfield>
   </datafield>
   <datafield ind2="0" ind1="0" tag="245">
      <subfield code="a">Llenguatge i coneixement en el Cràtil de Plató</subfield>
   </datafield>
</record></metadata></record></GetRecord></OAI-PMH>